[Event "AUTO-OPEN-1799"]
[Site "http://www.queenalice.com/game.php?id=698612"]
[Date "2009.12.15"]
[Round "1"]
[White "TheBigSid"]
[Black "sateyea"]
[Result "1-0"]
[WhiteElo "2191"]
[BlackElo "1956"]

1. d4 d5 2. c4 c6 3. e3 Nf6 4. Nc3 e6 5. Nf3 Bb4 6. Qc2 O-O 7. Bd3 dxc4 8. Bxc4
b5 9. Bd3 h6 10. O-O Bb7 11. Ne4 Nbd7 12. a3 Be7 13. Bd2 Rc8 14. b4 Nxe4 15.
Bxe4 f5 16. Bd3 Bd6 17. Rac1 Nf6 18. Bc3 Nd5 19. Bb2 Qe7 20. Ne5 Bxe5 21. dxe5
Rfd8 22. Bd4 a6 23. Bc5 Qg5 24. e4 Nf4 25. f3 Nxd3 26. Rcd1 Nxc5 27. Qxc5 fxe4
28. fxe4 Rxd1 29. Rxd1 Qg4 30. Qd6 1-0

[Event "AUTO-ADV-1502"]
[Site "http://www.queenalice.com/game.php?id=765411"]
[Date "2010.4.24"]
[Round "2"]
[White "sateyea"]
[Black "devagar"]
[Result "0-1"]
[WhiteElo "1988"]
[BlackElo "2026"]

1. e4 c5 2. Nc3 Nc6 3. Nf3 d6 4. h3 g6 5. Bb5 Bd7 6. Bxc6 Bxc6 7. d3 Bg7 8. O-O
Nf6 9. Bg5 O-O 10. Nd2 a6 11. f4 Nd7 12. Bh4 Bd4+ 13. Kh1 b5 14. Nf3 Bg7 15. f5
f6 16. fxg6 hxg6 17. Bg3 Ne5 18. Nh4 g5 19. Nf5 e6 20. Nxg7 Kxg7 21. Bxe5 dxe5
22. Qg4 Qe7 23. Rf2 Rh8 24. Raf1 Raf8 25. Kh2 Rh4 26. Qg3 Kh6 27. Qe3 Rf4 28.
Ne2 Rxf2 29. Rxf2 f5 30. exf5 exf5 31. d4 cxd4 32. Nxd4 Bd7 0-1

[Event "AUTO-ADV-1502"]
[Site "http://www.queenalice.com/game.php?id=765412"]
[Date "2010.4.24"]
[Round "2"]
[White "devagar"]
[Black "sateyea"]
[Result "1-0"]
[WhiteElo "2040"]
[BlackElo "1974"]

1. e4 e5 2. Nf3 Nc6 3. d4 exd4 4. Nxd4 Nxd4 5. Qxd4 c5 6. Qd1 h6 7. Bd3 Ne7 8.
O-O Nc6 9. Nc3 Be7 10. Bf4 O-O 11. Qg4 d6 12. Qg3 h5 13. Nd5 Nb4 14. Nxb4 cxb4
15. Rad1 Bg4 16. Rde1 g6 17. h3 Bh4 18. Qe3 Be6 19. b3 Re8 20. Qd4 a5 21. Qxd6
Qxd6 22. Bxd6 Red8 23. e5 Ra6 24. Bxa6 bxa6 25. Re4 Bg5 26. f4 Bh6 27. Kh2 Rc8
28. Rf2 Rc6 29. g3 Rc3 30. a3 h4 31. g4 f5 32. Rd4 1-0

[Event "AUTO-ADV-1502"]
[Site "http://www.queenalice.com/game.php?id=765413"]
[Date "2010.4.24"]
[Round "2"]
[White "sateyea"]
[Black "pedepano"]
[Result "1-0"]
[WhiteElo "1966"]
[BlackElo "1906"]

1. e4 e5 2. Nf3 Nc6 3. Bb5 a6 4. Bxc6 dxc6 5. O-O Bg4 6. h3 h5 7. d3 Qf6 8. Be3
O-O-O 9. Nbd2 Ne7 10. Qe1 c5 11. Bxc5 Ng6 12. Bxf8 Rdxf8 13. Nh2 Qh4 14. Ndf3
Qf6 15. hxg4 hxg4 16. Nxg4 Qf4 17. Nfh2 Rxh2 18. Nxh2 Rh8 19. g3 Qh6 20. Kg2 1-0

[Event "AUTO-ADV-1502"]
[Site "http://www.queenalice.com/game.php?id=765414"]
[Date "2010.4.24"]
[Round "2"]
[White "pedepano"]
[Black "sateyea"]
[Result "1-0"]
[WhiteElo "2011"]
[BlackElo "1961"]

1. e4 e5 2. Nf3 Nc6 3. Bb5 d6 4. d4 exd4 5. Qxd4 Bd7 6. Bxc6 bxc6 7. Nc3 c5 8.
Qd3 Be7 9. Bf4 Be6 10. O-O-O Qd7 11. Qb5 Nf6 12. e5 Ng4 13. exd6 cxd6 14. Rhe1
Nxf2 15. Rd2 Ng4 16. Bxd6 Qxb5 17. Nxb5 Bxd6 18. Nxd6+ Ke7 19. Ne5 Nxe5 20. Rxe5
Rhd8 21. Nb7 Rxd2 22. Kxd2 c4 23. Kc3 Rb8 24. Nc5 Rc8 25. Nxe6 fxe6 26. Ra5 Rc7
27. Ra4 Kf6 28. Rxc4 Rxc4+ 29. Kxc4 Kf5 30. Kd4 Kf4 31. c4 e5+ 32. Kd3 e4+ 33.
Kd4 1-0

[Event "Challenge"]
[Site "http://www.queenalice.com/game.php?id=787827"]
[Date "2010.6.9"]
[Round "-"]
[White "edemarc"]
[Black "sateyea"]
[Result "0-1"]
[WhiteElo "1331"]
[BlackElo "1947"]

1. e4 e5 2. Qh5 Nc6 3. Bc4 Qe7 4. b3 Nf6 5. Qe2 d6 6. d3 Nd4 7. Qd2 Bd7 8. c3
Ne6 9. Nf3 O-O-O 10. a4 c6 11. Na3 d5 12. Nxe5 dxc4 13. bxc4 Nc5 14. Rb1 Qxe5
15. f4 Qh5 16. a5 Be6 17. h3 Nxd3+ 18. Kf1 Nxe4 19. Qe3 Qd1+ 20. Qe1 Qxe1# 0-1

[Event "AUTO-MASTER-1209"]
[Site "http://www.queenalice.com/game.php?id=826656"]
[Date "2010.9.2"]
[Round "1"]
[White "sateyea"]
[Black "technicaldraw"]
[Result "0-1"]
[WhiteElo "2010"]
[BlackElo "2046"]

1. e4 c5 2. c3 Nf6 3. Bd3 Nc6 4. Nf3 d6 5. h3 d5 6. Qe2 dxe4 7. Bxe4 Nxe4 8.
Qxe4 g6 9. O-O Bg7 10. Re1 Bf5 11. Qe3 Rc8 12. Na3 O-O 13. b3 b6 14. Bb2 Nb4 15.
d4 cxd4 16. Nxd4 Bxd4 17. cxd4 Nc2 18. Nxc2 Rxc2 19. Ba3 Re8 20. Bxe7 Qd7 21. g4
Rc7 22. gxf5 Qxf5 23. Qg5 Rcxe7 24. Qxf5 Rxe1+ 0-1

[Event "AUTO-MASTER-1209"]
[Site "http://www.queenalice.com/game.php?id=826657"]
[Date "2010.9.2"]
[Round "1"]
[White "technicaldraw"]
[Black "sateyea"]
[Result "1-0"]
[WhiteElo "1989"]
[BlackElo "2005"]

1. e4 e5 2. Nf3 d6 3. d4 Nd7 4. Bc4 Ngf6 5. Nc3 h6 6. O-O Be7 7. Qe2 O-O 8. Rd1
Qe8 9. a4 Nb6 10. Bb3 Bg4 11. dxe5 Bxf3 12. Qxf3 dxe5 13. a5 Nbd7 14. Qg3 Kh7
15. Be3 c6 16. h4 Nh5 17. Qg4 Ndf6 18. Qf5+ g6 19. Qxe5 Bb4 20. Qxe8 Raxe8 21.
f3 Bxc3 22. bxc3 Rd8 23. Bxa7 Kg7 24. Bd4 Nf4 25. Kf2 Ne6 26. Be5 Rfe8 27. Bxe6
fxe6 28. g4 Kf7 29. Bc7 Rd7 30. Rxd7+ Nxd7 31. Rd1 Ke7 32. Ke3 Rc8 33. Bd6+ Ke8
34. Rb1 1-0

[Event "AUTO-ADV-1887"]
[Site "http://www.queenalice.com/game.php?id=826717"]
[Date "2010.9.2"]
[Round "1"]
[White "sateyea"]
[Black "julioisdi"]
[Result "1-0"]
[WhiteElo "1995"]
[BlackElo "1850"]

1. e4 e5 2. Nf3 Nf6 3. Be2 Nxe4 4. Nxe5 Qf6 5. Nf3 Bc5 6. O-O d6 7. d4 Bb6 8. c3
Bg4 9. Qd3 d5 10. c4 Qg6 11. cxd5 Bh3 12. Nh4 Qf6 13. Qxe4+ Kd8 14. gxh3 Re8 15.
Qf3 Qxh4 16. Qg4 Qf6 17. Bg5 Qxg5 18. Qxg5+ f6 19. Qg4 1-0

[Event "AUTO-ADV-1887"]
[Site "http://www.queenalice.com/game.php?id=826718"]
[Date "2010.9.2"]
[Round "1"]
[White "julioisdi"]
[Black "sateyea"]
[Result "1-0"]
[WhiteElo "1786"]
[BlackElo "1988"]

1. e4 e5 2. Nf3 d6 3. Nc3 Nf6 4. Bc4 h6 5. O-O Be7 6. d3 Bg4 7. h3 Be6 8. Bxe6
fxe6 9. Be3 O-O 10. Nh4 Nxe4 11. Ng6 Kh7 12. Nxf8+ Bxf8 13. Nxe4 d5 14. Nc5 Bxc5
15. Bxc5 Nd7 16. Bb4 c5 17. Bd2 Nf6 18. f3 g5 19. c4 b6 20. Rb1 Qd6 21. b4 1-0

[Event "AUTO-ADV-1887"]
[Site "http://www.queenalice.com/game.php?id=851916"]
[Date "2010.10.29"]
[Round "2"]
[White "sateyea"]
[Black "julioisdi"]
[Result "1-0"]
[WhiteElo "2018"]
[BlackElo "1791"]

1. e4 e5 2. c3 Nf6 3. Bd3 b6 4. Ne2 Bb7 5. Ng3 d5 6. Qe2 Nbd7 7. O-O Bc5 8. b4
Bd6 9. exd5 Nxd5 10. a3 Nf4 11. Qe3 Nxg2 12. Qe2 O-O 13. Be4 Nf4 14. Qf3 Bxe4
15. Nxe4 Nf6 16. d4 Nxe4 17. Qxe4 Qg5+ 18. Kh1 Rae8 19. Bxf4 exf4 20. Qg2 f6 21.
Nd2 Re2 22. Nf3 Qxg2+ 23. Kxg2 g5 24. h3 h6 25. c4 f5 26. c5 Be7 27. Rae1 Rxe1
28. Rxe1 Re8 29. d5 Kf7 30. Ne5+ Kf8 31. c6 Kg7 32. Nd7 h5 33. f3 g4 34. Re6 Kf7
35. Ne5+ Kf8 36. Ng6+ 1-0

[Event "AUTO-ADV-1887"]
[Site "http://www.queenalice.com/game.php?id=851917"]
[Date "2010.10.29"]
[Round "2"]
[White "julioisdi"]
[Black "sateyea"]
[Result "0-1"]
[WhiteElo "1897"]
[BlackElo "2006"]

1. Nf3 d5 2. d4 e6 3. b3 Ne7 4. Bb2 Ng6 5. e3 Bd6 6. Nbd2 O-O 7. Bd3 Nd7 8. c4
dxc4 9. Nxc4 Be7 10. Qc2 b6 11. Nce5 f5 12. Nxg6 hxg6 13. O-O Bd6 14. Rfe1 Bb7
15. Be2 g5 16. Rad1 g4 17. Ne5 Rf6 18. Nxd7 Qxd7 19. d5 e5 20. a3 Rh6 21. b4 Kf7
22. Rf1 Rah8 23. h3 gxh3 24. g3 Rg8 25. Bc4 b5 26. Bb3 Kf8 27. f4 e4 28. a4 g5
29. Kf2 gxf4 30. exf4 Bxf4 31. gxf4 Rg2+ 0-1

[Event "AUTO-ADV-1887"]
[Site "http://www.queenalice.com/game.php?id=851918"]
[Date "2010.10.29"]
[Round "2"]
[White "sateyea"]
[Black "Nille"]
[Result "1-0"]
[WhiteElo "1987"]
[BlackElo "1853"]

1. e4 e5 2. c3 Nf6 3. Bd3 Be7 4. Ne2 d6 5. Ng3 O-O 6. O-O Nc6 7. Bc2 h6 8. d4
exd4 9. cxd4 a6 10. Nc3 b5 11. Be3 Bb7 12. h3 Nb4 13. a3 Nxc2 14. Qxc2 Nh7 15.
f4 f6 16. Rad1 Qc8 17. Nf5 Re8 18. Qb3+ Kh8 19. Qf7 Bf8 20. Nh4 Re7 21. Ng6# 1-0

[Event "AUTO-ADV-1887"]
[Site "http://www.queenalice.com/game.php?id=851919"]
[Date "2010.10.29"]
[Round "2"]
[White "Nille"]
[Black "sateyea"]
[Result "0-1"]
[WhiteElo "1808"]
[BlackElo "1998"]

1. e4 e5 2. Nf3 d6 3. Bc4 h6 4. h3 Ne7 5. Nc3 Nd7 6. d3 Nb6 7. Bb3 Nc6 8. Nd5
Nxd5 9. Bxd5 Be7 10. Bxc6+ bxc6 11. O-O Bd7 12. a3 O-O 13. b4 f5 14. exf5 Bxf5
15. Re1 Bf6 16. Rb1 Qd7 17. Kh2 Rae8 18. Bb2 Rf7 19. Qe2 Ref8 20. a4 Bd8 21. c4
Bxh3 22. gxh3 Rxf3 23. Bd4 Qxh3+ 24. Kg1 R8f5 25. Be3 Rh5 26. Qxf3 Qxf3 0-1

[Event "Challenge"]
[Site "http://www.queenalice.com/game.php?id=893733"]
[Date "2011.1.31"]
[Round "-"]
[White "sateyea"]
[Black "chyco"]
[Result "1-0"]
[WhiteElo "2025"]
[BlackElo "1641"]

1. e4 e5 2. Nf3 d6 3. h3 a6 4. c3 Nf6 5. Bd3 Qd7 6. Bc2 b5 7. d4 Nc6 8. a3 g6 9.
d5 Na5 10. O-O Nb7 11. b4 h5 12. Ng5 Bh6 13. f4 Bxg5 14. fxg5 Nh7 15. Be3 Qe7
16. Qf3 Rf8 17. Nd2 Nxg5 18. Qe2 Nh7 19. c4 f5 20. exf5 gxf5 21. Qxh5+ Rf7 22.
Bxf5 Nf6 23. Qe2 bxc4 24. Bg6 Bd7 25. Bg5 O-O-O 26. Bxf7 Qxf7 27. Rxf6 Qxd5 28.
Raf1 Bb5 29. a4 c3 30. axb5 cxd2 31. bxa6 e4 32. Bxd2 Rg8 33. axb7+ Qxb7 34.
Rf8+ Rxf8 35. Rxf8+ Kd7 36. Qg4+ Kc6 37. Qxe4+ d5 38. Rf6+ Kb5 39. Qd3+ Ka4 40.
Ra6+ 1-0